Fertilty rate on artificial insemination of different breeds of pigs in yu toong garm, ការសិក្សាអត្រាបង្កកំណើតដោយប្រើវិធីបង្កាត់សិប្បនិម្មិត នៃពូជជ្រូកផ្សេងៗគ្នា នៅស្ថានីយ៍យូទុង. (Record no. 2003)

000 -LEADER
fixed length control field 00705nam a22001577a 4500
003 - CONTROL NUMBER IDENTIFIER
control field OSt
005 - DATE AND TIME OF LATEST TRANSACTION
control field 20151006104920.0
008 - FIXED-LENGTH DATA ELEMENTS--GENERAL INFORMATION
fixed length control field 151006b xxu||||| |||| 00| 0 eng d
040 ## - CATALOGING SOURCE
Transcribing agency RUA
082 ## - DEWEY DECIMAL CLASSIFICATION NUMBER
Classification number AVM KHI 1998 B070 Or.1
100 ## - MAIN ENTRY--PERSONAL NAME
9 (RLIN) 2131
Personal name KHIN, MENGKHEANG.
245 ## - TITLE STATEMENT
Title Fertilty rate on artificial insemination of different breeds of pigs in yu toong garm, ការសិក្សាអត្រាបង្កកំណើតដោយប្រើវិធីបង្កាត់សិប្បនិម្មិត នៃពូជជ្រូកផ្សេងៗគ្នា នៅស្ថានីយ៍យូទុង.
260 ## - PUBLICATION, DISTRIBUTION, ETC. (IMPRINT)
Place of publication, distribution, etc. phnom phen
Name of publisher, distributor, etc. RUA
Date of publication, distribution, etc. 1998
300 ## - PHYSICAL DESCRIPTION
Extent 67p.
942 ## - ADDED ENTRY ELEMENTS (KOHA)
Source of classification or shelving scheme
Koha item type AVM
Holdings
Price effective from Date last seen Permanent Location Not for loan Date acquired Source of classification or shelving scheme Koha item type Barcode Lost status Damaged status Shelving location Withdrawn status Current Location Full call number
2015-10-062015-10-06Library Block B 2015-10-06 AVMRUA007159  B070 Library Block BAVM KHI 1998 B070 Or.1
មជ្ឈមណ្ឌលឯការនៃសាកលវិទ្យាល័យភូមិន្ទកសិកម្មចំការដូង

Powered by Koha